Statystyki dla Wypisz Wszystkie Flagi, Które... #2

Kliknij tutaj aby rozwiązać quiz!

Ogólne statystyki

  • Ten quiz został rozwiązany 431 razy
    (325 od ostatniego zresetowania)
  • Średni wynik to 15 z 40

Statystyki odpowiedzi

Odpowiedź% Poprawnych
Japonia
95%
Bangladesz
72%
Wielka Brytania
68%
Arabia Saudyjska
64%
Australia
64%
Nowa Zelandia
64%
Palau
61%
Brazylia
59%
Fidżi
55%
Indie
52%
Korea Południowa
49%
Irak
48%
Iran
45%
Korea Północna
41%
Tuvalu
41%
Afganistan
37%
Laos
37%
Portugalia
33%
San Marino
33%
Belize
32%
Niger
31%
Andora
30%
Nikaragua
27%
Dominikana
26%
Dominikana
26%
Gwatemala
25%
Paragwaj
25%
Tunezja
25%
Haiti
24%
Malta
24%
Salwador
23%
Mongolia
22%
Macedonia
20%
Etiopia
19%
Uganda
18%
Brunei
17%
Burundi
16%
Grenada
15%
Gwinea Równikowa
13%
Namibia
13%

Rozkład punktacji

Percentyl według liczby udzielonych odpowiedzi

Procent ludzi z każdym wynikiem

Twoja historia wyników

Nie rozwiązałeś tego quizu od ostatniego zresetowania